Top 10 2K Three Point Shooters - Statistics

General Stats
  • This quiz has been taken 20 times
  • The average score is 6 of 10
Answer Stats
# Team 3 OVR Answer % Correct
1. Warriors 99 Stephen Curry
100%
5. Nuggets 90 Jamal Murray
83%
6. Lakers 89 Luka Doncic
78%
7. Timberwolves 89 Anthony Edwards
72%
4. Rockets 91 Kevin Durant
72%
2. Hornets 94 Kon Knueppel
56%
3. Lakers 93 Luke Kennard
50%
8. Nuggets 89 Cameron Johnson
28%
9. Bucks 89 Bobby Portis Jr.
22%
10. Cavaliers 89 Max Strus
22%
No matching quizzes found
Score Distribution
Percent of People with Each Score
Percentile by Number Answered
Your Score History
You have not taken this quiz